La Integració de la qualitat ambiental en les construccions públiques
ISBN:
84-7794-644-2
Publicado:
[Barcelona] :
Diputació de Barcelona, Àrea de Cooperació, Oficina Tècnica de Cooperació ,
1999
Descripción Física:
135 p., taules ; 24 cm
Colección:
OTC manuals de gestió
; 12
Materias:
Obres públiques -- Aspectes ambientals
Idioma:
Catalán
MARC
| LEADER | 00000nam a2200000Ia 4500 | ||
|---|---|---|---|
| 001 | 12305 | ||
| 003 | Arxiu | ||
| 005 | 20260324181021.0 | ||
| 008 | 160829s1999 spc xx s cat c | ||
| 020 | |a 84-7794-644-2 | ||
| 040 | |a AGDB | ||
| 080 | |a C-1-240 | ||
| 245 | 0 | 3 | |a La Integració de la qualitat ambiental en les construccions públiques |
| 260 | |a [Barcelona] : |b Diputació de Barcelona, Àrea de Cooperació, Oficina Tècnica de Cooperació, |c 1999 | ||
| 300 | |a 135 p., taules ; |c 24 cm | ||
| 490 | 1 | |a OTC manuals de gestió ; |v 12 | |
| 590 | |a Bibliografia | ||
| 650 | |a Obres públiques |x Aspectes ambientals |9 20081 | ||
| 710 | |a Barcelona (Catalunya : Província). |b Oficina Tècnica de Cooperació |9 53580 | ||
| 830 | 0 | |9 56040 |a OTC manuals de gestió |v 12 | |
| 901 | |a Arxiu | ||
| 942 | |n 1 |2 udc |c ARXIU | ||
| 952 | |0 0 |1 0 |4 0 |6 C1240 |7 1 |9 41428 |a Arxiu |b Arxiu |d 2016-12-01 |l 0 |o C-1-240 |p 12305 |r 2016-12-01 00:00:00 |w 2016-12-01 |y ARXIU | ||
| 952 | |0 0 |1 0 |4 0 |6 PDL |7 1 |9 63552 |a Arxiu |b Arxiu |d 2022-08-29 |l 0 |o PDL |p 26542 |r 2022-08-29 00:00:00 |w 2022-08-29 |y ARXIU | ||
| 999 | |c 43235 |d 43235 | ||